[Event "IRL-ch 100th First Week"]
[Site "Dublin"]
[Date "2021.07.25"]
[Round "4"]
[White "Liu, Jason"]
[Black "Barry, Suzanne"]
[Result "1-0"]
[WhiteElo "913"]
[BlackElo "1375"]
[PlyCount "85"]
[EventDate "2021.07.23"]
[EventType "swiss"]
[EventRounds "5"]
[EventCountry "IRL"]
[SourceTitle "EXT 2022"]
[Source "ChessBase"]
[SourceDate "2021.10.06"]
[SourceVersion "1"]
[SourceVersionDate "2021.10.06"]
[SourceQuality "1"]

1. e4 e6 2. Nf3 d5 3. Nc3 d4 4. Ne2 Nc6 5. c3 e5 6. cxd4 exd4 7. Qa4 Bc5 8. b4 Bxb4 9. Nexd4 Nge7 10. Bb5 Qd6 11. Rb1 a5 12. Nxc6 bxc6 13. Be2 0-0 14. 0-0 Bd7 15. Bb2 Ng6 16. a3 Nf4 17. Rfe1 Bc5 18. Be5 Nxe2+ 19. Rxe2 Qe7 20. Bb2 Bb6 21. Qc4 c5 22. Qc3 f6 23. Rbe1 Bg4 24. h3 Bd7 25. Nh4 Bb5 26. Qb3+ c4 27. Qxb5 Qc5 28. Qxc5 Bxc5 29. Rc1 Rfb8 30. Rxc4 Bxf2+ 31. Kxf2 Rxb2 32. Rxc7 Ra2 33. Rc3 Rd8 34. d3 Rxe2+ 35. Kxe2 Rd4 36. Nf5 Rd8 37. Rc8 Rxc8 38. Ne7+ Kf7 39. Nxc8 Ke6 40. Ke3 f5 41. Nb6 fxe4 42. Kxe4 g5 43. Nc4 1-0

[Event "Caplin British Online (Women) "]
[Site "Chess.com INT"]
[Date "2020.12.29"]
[Round "6"]
[White "Barry, Suzanne"]
[Black "Headlong, Georgia"]
[Result "1/2-1/2"]
[WhiteElo "1375"]
[BlackElo "1584"]
[PlyCount "67"]
[EventDate "2020.12.21"]
[EventType "swiss"]
[EventRounds "7"]
[EventCountry "GBR"]
[SourceTitle "EXT 2022"]
[Source "ChessBase"]
[SourceDate "2021.10.06"]
[SourceVersion "1"]
[SourceVersionDate "2021.10.06"]
[SourceQuality "1"]

1. e4 e5 2. Nf3 Nf6 3. Nc3 Nc6 4. Bc4 Nxe4 5. Nxe4 d5 6. Bd3 dxe4 7. Bxe4 Bd6 8. Bxc6+ bxc6 9. 0-0 0-0 10. Re1 Re8 11. d3 Bg4 12. Qe2 Qf6 13. Qe4 Bxf3 14. gxf3 Qg6+ 15. Qxg6 hxg6 16. Re4 Reb8 17. b3 Rb4 18. Rxb4 Bxb4 19. Bb2 f6 20. c3 Bd6 21. Re1 Kf7 22. c4 a5 23. Bc3 Bb4 24. Bxb4 axb4 25. Re2 Ra5 26. Kg2 Ke6 27. f4 Kd6 28. fxe5+ Rxe5 29. Rd2 Ra5 30. d4 f5 31. f4 Ke6 32. h4 Ra8 33. Kg3 Kd6 34. Re2 1/2-1/2

[Event "IRL-ch (Women)"]
[Site "Dublin"]
[Date "2017.11.12"]
[Round "4"]
[White "Barry, Suzanne"]
[Black "Gelip, Ioana"]
[Result "0-1"]
[WhiteElo "1284"]
[BlackElo "2192"]
[PlyCount "44"]
[EventDate "2017.11.10"]
[EventType "swiss"]
[EventRounds "5"]
[EventCountry "IRL"]
[SourceTitle "EXT 2019"]
[Source "ChessBase"]
[SourceDate "2018.10.10"]
[SourceVersion "1"]
[SourceVersionDate "2018.10.10"]
[SourceQuality "1"]

1. e4 e6 2. d4 d5 3. e5 c5 4. Nc3 Nc6 5. Nf3 a6 6. Be2 cxd4 7. Nxd4 Nxe5 8. f4 Nc6 9. 0-0 Bc5 10. Be3 Qf6 11. f5 Qe5 12. Bf4 Qxd4+ 13. Qxd4 Bxd4+ 14. Kh1 Nf6 15. fxe6 fxe6 16. Bg5 0-0 17. Rfd1 Bd7 18. Na4 Ne4 19. Bh4 Bf2 20. g3 g5 21. Bxg5 Nxg5 22. Nc5 Bxc5 0-1

[Event "IRL-ch (Women)"]
[Site "Dublin"]
[Date "2017.11.12"]
[Round "5"]
[White "Ferguson, Dayna"]
[Black "Barry, Suzanne"]
[Result "1-0"]
[WhiteElo "1485"]
[BlackElo "1284"]
[PlyCount "75"]
[EventDate "2017.11.10"]
[EventType "swiss"]
[EventRounds "5"]
[EventCountry "IRL"]
[SourceTitle "EXT 2019"]
[Source "ChessBase"]
[SourceDate "2018.10.10"]
[SourceVersion "1"]
[SourceVersionDate "2018.10.10"]
[SourceQuality "1"]

1. d4 d5 2. Bf4 Nc6 3. e3 a6 4. Nf3 Nf6 5. c4 e6 6. Nc3 Bb4 7. Qc2 0-0 8. a3 Bxc3+ 9. Qxc3 Ne4 10. Qc2 Ne7 11. Bd3 f5 12. Ne5 Nc6 13. Nxc6 bxc6 14. cxd5 cxd5 15. Qxc7 Qxc7 16. Bxc7 Nf6 17. Kd2 Bd7 18. Rac1 Rfc8 19. f3 Ne8 20. Be5 a5 21. Rxc8 Rxc8 22. Rc1 Rc6 23. Rxc6 Bxc6 24. Kc3 Kf7 25. b4 axb4+ 26. Kxb4 Ke7 27. a4 Kd7 28. Ba6 Nc7 29. Bxc7 Kxc7 30. Bb5 Bxb5 31. Kxb5 Kb7 32. a5 Ka7 33. Kc6 Ka6 34. Kd6 Kxa5 35. Kxe6 g6 36. Kxd5 Kb5 37. Ke6 Kc6 38. d5+ 1-0